000 00477nam a2200169Ia 4500
005 20250508153525.0
008 008 250505s9999 xx 000 0 eng d
037 _aBooks to be hide in OPAC
040 _aFEDL
_beng
_cFEDL
041 _aeng
_2eng
084 _a371.1, FOR/O
_qFEDL
245 0 _aTeachers for tomorrow : The fund for the advancement of education
260 _c1955
300 _a72p.
942 _cHB
_h371.1, FOR/O
999 _c1343480
_d1343480